Role of schools in mental health (Record no. 1365296)

MARC details
000 -LEADER
fixed length control field 00576nam a2200205Ia 4500
005 - DATE AND TIME OF LATEST TRANSACTION
control field 20250508160540.0
008 - FIXED-LENGTH DATA ELEMENTS--GENERAL INFORMATION
fixed length control field 008 250505s9999 xx 000 0 eng d
037 ## - SOURCE OF ACQUISITION
Stock number Textual
040 ## - CATALOGING SOURCE
Original cataloging agency FEDL
Language of cataloging eng
Transcribing agency FEDL
041 ## - LANGUAGE CODE
Language code of text/sound track or separate title eng
Source of code eng
084 ## - COLON CLASSIFICATION NUMBER
Classification number 158, ALL
Assigning agency FEDL
100 ## - MAIN ENTRY--PERSONAL NAME
Personal name Allinsmith Wesley
9 (RLIN) 763498
245 #0 - TITLE STATEMENT
Title Role of schools in mental health
260 ## - PUBLICATION, DISTRIBUTION, ETC.
Place of publication, distribution, etc. New York, USA
Name of publisher, distributor, etc. Basic Books
Date of publication, distribution, etc. 1962
300 ## - PHYSICAL DESCRIPTION
Extent xiv,337p.
650 ## - SUBJECT ADDED ENTRY--TOPICAL TERM
Topical term or geographic name entry element Abnormal Psychology
700 ## - ADDED ENTRY--PERSONAL NAME
Personal name Goethals George W.
9 (RLIN) 768777
942 ## - ADDED ENTRY ELEMENTS (KOHA)
Koha item type Textual
Classification part 158, ALL
Holdings
Withdrawn status Lost status Damaged status Not for loan Home library Current library Date acquired Total Checkouts Full call number Barcode Date last seen Price effective from Koha item type
        Department of Education Library Department of Education Library 2025-05-08   158, ALL EL0051808 2025-05-08 2025-05-08 Textual
Copyright @ Delhi University Library System